000 00791cam a2200265 i 4500
001 4646562
003 ARRUPE
005 20150320020006.0
008 790531s1979 miu b 001 0 eng
010 _a 79050172
020 _a0801096073 :
_c$11.95
040 _aDLC
_cDLC
_dDLC
050 0 0 _aBS1198
_b.W66 1998
082 0 0 _a221.9/22
100 1 _aWood, Leon James.
_93535
245 1 4 _aThe prophets of Israel /
_cLeon J. Wood.
260 _aGrand Rapids :
_bBaker Book House,
_cc1998.
300 _a405 p. ;
_c24 cm.
500 _aIncludes indexes.
504 _aBibliography: p. 379-384.
630 0 0 _aBible.
_pProphets
_xCriticism, interpretation, etc.
_93536
650 0 _aProphets.
_93537
906 _a7
_bcbc
_corignew
_d2
_eocip
_f19
_gy-gencatlg
942 _2lcc
_cMONOGRAPH
_06
999 _c118594
_d118594